000 00751nam a2200265Ia 4500
003 OSt
005 20220918222255.0
006 a|||||r|||| 00| 0
007 ta
008 220917b |||||||| |||| 00| 0 eng d
024 _a216,313
037 _cTextual
040 _aARTS
_cARTS
_beng
041 _2eng
_aeng
082 _aS87x, P1
100 _aHogg Michael A. Ed.
_923314
245 0 _aIntergroup relations
_b essential readings
260 _aUK
_bPsychology press
_c2001
300 _axiv, 439p
_ccm.
490 _aKey readings in social psychology
650 _aPSYCHOLOGY
700 _a Abrams Dominic Ed.
_923313
942 _hS87x, P1
_cTEXL
_2CC
999 _c275056
_d275056